000 00991nam a2200313Ia 4500
001 dia_3516
003 CHAP
005 20230310124519.0
008 220117s2003 xx 000 0 und d
010 _a173974
020 _a84-89922-93-4 8 (AMV) 84-8476-152-5 (Mundi-Prensa)
040 _cCHAP
082 _a664.92 R36 2003
100 _aRanken, M. D.
_9154807
245 _aManual de industrias de la carne /
_c M. D. Ranken ; traducción Manuel Rodríguez Rebollo y Javier Madrid Cenzano
260 _aEspaña :
_b AMV, Mundi-Prensa,
_c2003
300 _a201 p.
503 _aI. 226792
504 _aBibliografía: p. 200-201
590 _aTS1960 R36 2003
650 _aCarne
_919053
650 _aMataderos
_972885
700 _aMadrid Cenzano, Javier, tr.
_9154808
700 _aRodríguez Rebollo, Manuel, tr.
_9154809
901 _a664.92 R36 2003
902 _aM
905 _a5232272003 sp na 8222223322spa16
942 _cLIBRO
_2ddc
999 _c173974
_d173974